000 00449cam a2200169 4500
001 D14465
008 090401t1931 xxu||||| |||| 00| 0 eng d
035 _a(Sirsi) u15889
041 _aeng
100 _aWilliams, J.H.
245 _aHistorical outline and analysis of the work of the Survey Department of Kenya, 1903-1929
260 _aNairobi
_bThe Government
_c1931
350 _a0
520 _aShelf 137
942 _n0
948 _c04/03/1997
999 _c87321
_d87321